| 000 | 00595nam a2200217 i 4500 | ||
|---|---|---|---|
| 001 | 19380 | ||
| 003 | ES-MaACL | ||
| 005 | 20240521124629.0 | ||
| 007 | t| | ||
| 008 | 020802s2002 sp ||||0| spa | ||
| 020 | _a84-8460-172-2 | ||
| 080 | _a811.134.2'282(7/8) | ||
| 100 | 1 |
_aAlvar, Manuel, _d1923-2001 _920583 |
|
| 245 | 1 | 0 |
_aEspañol en dos mundos / _cManuel Alvar. |
| 250 | _a1ª ed. | ||
| 260 |
_aMadrid : _bTemas de Hoy, _c2002. |
||
| 300 |
_a254 p ; _c23 cm. |
||
| 650 |
_aLengua española- _zAmérica. _914118 |
||
| 852 |
_aES-MaACL _jL-25824 |
||
| 999 |
_c19380 _d19380 |
||